[Event "SR 4. liga A21 2012/2013"]
[Site "?"]
[Date "2012.10.28"]
[Round "2.5"]
[White "Ocko, Martin"]
[Black "Smrek, Peter"]
[Result "0-1"]
[WhiteElo "1661"]
[BlackElo "1845"]
[PlyCount "60"]
[EventDate "2012.??.??"]

1. e4 c5 2. Nf3 Nc6 3. Bb5 g6 4. O-O Bg7 5. c3 e5 6. d3 Nge7 7. Nbd2 O-O 8. Nc4
d6 9. h3 a6 10. Bxc6 Nxc6 11. Qb3 b5 12. Ne3 Be6 13. Nd5 h6 14. Qd1 f5 15. a4
b4 16. Bd2 Rb8 17. Qe1 Qd7 18. a5 Qf7 19. Qc1 Kh7 20. c4 fxe4 21. dxe4 Bxh3 22.
Nxe5 Nxe5 23. gxh3 Qe6 24. Kg2 Nd3 25. Qb1 Qxe4+ 26. f3 Qe2+ 27. Kg1 Qxd2 28.
b3 Bd4+ 29. Kh1 Nf2+ 30. Kg2 Ne4+ 0-1

[Event "SR 4. liga A21 2012/2013"]
[Site "?"]
[Date "2012.10.28"]
[Round "2.5"]
[White "Podjavorinsky, Peter"]
[Black "Pipiska, Adam"]
[Result "1/2-1/2"]
[WhiteElo "1720"]
[BlackElo "1674"]
[PlyCount "52"]
[EventDate "2012.??.??"]

1. e4 e5 2. Nf3 Nc6 3. Bc4 Nf6 4. Ng5 d5 5. exd5 b5 6. dxc6 bxc4 7. Qe2 Qd5 8.
O-O Bd6 9. Nc3 Qxc6 10. Qf3 Bb7 11. Qxc6+ Bxc6 12. Re1 O-O 13. Nge4 Nxe4 14.
Nxe4 Rab8 15. b3 Rfd8 16. bxc4 Rb4 17. d3 Ba4 18. c3 Rbb8 19. d4 exd4 20. cxd4
Bb4 21. Bd2 Bxd2 22. Nxd2 Rxd4 23. Rab1 Rbd8 24. Nf3 Rxc4 25. Rbc1 Rxc1 26.
Rxc1 c6 1/2-1/2

[Event "SR 4. liga A21 2012/2013"]
[Site "?"]
[Date "2012.10.28"]
[Round "2.6"]
[White "Beran, Jan st"]
[Black "Sadlon, Matus"]
[Result "1/2-1/2"]
[WhiteElo "1703"]
[BlackElo "1596"]
[PlyCount "84"]
[EventDate "2012.??.??"]

1. d4 Nf6 2. c4 g6 3. Nc3 Bg7 4. Nf3 d6 5. e3 O-O 6. Bd3 Nbd7 7. O-O e5 8. dxe5
Nxe5 9. Nxe5 dxe5 10. Qc2 Be6 11. Rd1 Qe7 12. Bd2 c6 13. Rab1 Rfd8 14. Be2 Rd7
15. Be1 Rad8 16. Rxd7 Rxd7 17. Rd1 Rxd1 18. Qxd1 Qd7 19. Qc2 Bf5 20. e4 Be6 21.
b3 Bh6 22. Na4 Qe7 23. Bc3 Nd7 24. Qb2 Bg7 25. Bd2 f6 26. b4 Bf8 27. a3 Qf7 28.
Qc3 Kg7 29. Nb2 Be7 30. Qe3 b6 31. Qc3 Nf8 32. Be3 Bc8 33. h3 Qe8 34. c5 b5 35.
Nd3 Bd8 36. Qd2 Kg8 37. Qc2 Be6 38. f4 Bc4 39. fxe5 fxe5 40. Nf2 Bxe2 41. Qxe2
Bf6 42. Ng4 Bg7 1/2-1/2

[Event "SR 4. liga A21 2012/2013"]
[Site "?"]
[Date "2012.10.28"]
[Round "2.6"]
[White "Galik, Martin"]
[Black "Bendzela, Tibor"]
[Result "0-1"]
[WhiteElo "1323"]
[BlackElo "1459"]
[PlyCount "104"]
[EventDate "2012.??.??"]

1. e4 d5 2. exd5 Qxd5 3. Nc3 Qd8 4. d4 Nf6 5. Bc4 Bf5 6. Nge2 e6 7. Bf4 c6 8.
a3 Be7 9. Be5 Nbd7 10. Nf4 O-O 11. f3 b5 12. Bb3 a5 13. g4 a4 14. Ba2 Bg6 15.
Nxg6 hxg6 16. g5 Nh5 17. f4 Nxe5 18. dxe5 Qxd1+ 19. Rxd1 Nxf4 20. Ne4 Rad8 21.
h4 Rxd1+ 22. Kxd1 Rd8+ 23. Kc1 b4 24. axb4 Bxb4 25. c3 Be7 26. Bc4 Nd3+ 27.
Bxd3 Rxd3 28. Nf2 Re3 29. Ng4 Rg3 30. Nf2 a3 31. bxa3 Bxa3+ 32. Kd1 Rxc3 33.
Kd2 Bb4 34. Rb1 Rc4+ 35. Kd3 Rxh4 36. Rc1 c5 37. Ne4 Rh3+ 38. Ke2 Rh2+ 39. Ke3
Rg2 40. Kf3 Ra2 41. Nxc5 Ra3+ 42. Ke4 f5+ 43. exf6 Bxc5 44. Rxc5 gxf6 45. gxf6
Kf7 46. Ke5 Re3+ 47. Kf4 Re1 48. Re5 Rf1+ 49. Kg5 Rf5+ 50. Rxf5 gxf5 51. Kf4
Kxf6 52. Ke3 e5 0-1

[Event "SR 4. liga A21 2012/2013"]
[Site "?"]
[Date "2012.10.28"]
[Round "2.6"]
[White "Palka, Martin"]
[Black "Pericka, Pavol"]
[Result "1/2-1/2"]
[WhiteElo "1884"]
[BlackElo "1821"]
[PlyCount "43"]
[EventDate "2012.??.??"]

1. e4 e5 2. Nf3 Nc6 3. Bb5 a6 4. Ba4 Nf6 5. O-O b5 6. Bb3 Be7 7. Re1 O-O 8. c3
d5 9. exd5 Nxd5 10. Nxe5 Nxe5 11. Rxe5 Nf6 12. d4 Bd6 13. Re1 Ng4 14. g3 Nxh2
15. Qh5 Ng4 16. Bg5 Nf6 17. Qh1 Bf5 18. Nd2 h6 19. Bxf6 Qxf6 20. Ne4 Qg6 21.
Nxd6 Qxd6 22. Re5 1/2-1/2

[Event "SR 4. liga A21 2012/2013"]
[Site "?"]
[Date "2012.10.28"]
[Round "2.6"]
[White "Pericka, Tomas"]
[Black "Lanik, Miroslav"]
[Result "1-0"]
[WhiteElo "2029"]
[BlackElo "1945"]
[PlyCount "53"]
[EventDate "2012.??.??"]

1. e4 c5 2. Nf3 d6 3. Bb5+ Nc6 4. c3 Nf6 5. Qe2 Bd7 6. O-O g6 7. d4 cxd4 8.
cxd4 a6 9. Ba4 b5 10. Bb3 Bg4 11. Rd1 Qc7 12. e5 Nh5 13. Bxf7+ Kd8 14. Bd5 Rc8
15. Be3 Nb4 16. exd6 Qxd6 17. Bb3 Bg7 18. Nbd2 Nf4 19. Bxf4 Qxf4 20. h3 Bf5 21.
Rac1 Rxc1 22. Rxc1 Qd6 23. Ne4 Qf4 24. Ned2 Nd3 25. Rc6 Nb4 26. Rc3 Qd6 27. Ne4
1-0

[Event "SR 4. liga A21 2012/2013"]
[Site "?"]
[Date "2012.10.28"]
[Round "2.6"]
[White "Sadlon, Juraj"]
[Black "Tokos, Rastislav"]
[Result "1-0"]
[WhiteElo "1804"]
[BlackElo "1858"]
[PlyCount "101"]
[EventDate "2012.??.??"]

1. e4 c5 2. Nf3 Nc6 3. c3 g6 4. Bb5 Bg7 5. d3 a6 6. Ba4 b5 7. Bb3 e6 8. O-O
Nge7 9. Bf4 O-O 10. Qd2 d5 11. Bh6 dxe4 12. Bxg7 Kxg7 13. dxe4 Bb7 14. Qe3 c4
15. Bc2 Qc7 16. Nbd2 Rfd8 17. a4 Ne5 18. Nxe5 Qxe5 19. Nf3 Qc7 20. axb5 axb5
21. Nd4 Bc6 22. Qh3 e5 23. Qg3 Be8 24. Nf3 Nc6 25. Qg5 Rxa1 26. Rxa1 Qb6 27.
Rd1 Rxd1+ 28. Bxd1 f6 29. Qd2 Qc5 30. Ne1 b4 31. Nc2 b3 32. Ne3 Bf7 33. Qd7 Ne7
34. Be2 Kf8 35. Kf1 Nc8 36. Ng4 Kg7 37. Ne3 Nd6 38. Ke1 Nxe4 39. Bxc4 Qd6 40.
Qxf7+ Kh6 41. Qd5 Qxd5 42. Nxd5 Nc5 43. Nxf6 Kg5 44. Nd5 Kf5 45. Kd2 g5 46.
Ne7+ Kf4 47. Nc6 g4 48. Na5 Ne4+ 49. Ke2 Nxc3+ 50. bxc3 b2 51. Bd3 1-0

[Event "SR 4. liga A21 2012/2013"]
[Site "?"]
[Date "2012.11.11"]
[Round "3.1"]
[White "Beran, Jan ml"]
[Black "Kupkovic, Miroslav"]
[Result "1-0"]
[WhiteElo "1868"]
[BlackElo "1799"]
[PlyCount "109"]
[EventDate "2012.??.??"]

1. e4 e6 2. d4 d5 3. e5 c5 4. c3 Qb6 5. Qb3 Qxb3 6. axb3 cxd4 7. cxd4 Bb4+ 8.
Nc3 Bd7 9. Bd3 Nc6 10. Nge2 Nge7 11. O-O a6 12. Nb5 O-O 13. Na3 Na5 14. Bc2
Rac8 15. Bd1 Nf5 16. g4 Nh4 17. f4 Nc6 18. f5 exf5 19. Bg5 Be7 20. Bxh4 Bxh4
21. gxf5 Bg5 22. Nc2 g6 23. f6 Bf5 24. Kf2 Nxe5 25. dxe5 Bxc2 26. Nc3 Bxb3 27.
Bxb3 d4 28. Nd5 Rc5 29. Kf3 d3 30. Ke4 d2 31. Ra4 Rc1 32. Bd1 Bh4 33. Kd3 Be1
34. Ke2 Re8 35. Re4 b5 36. Ne3 Rd8 37. Ng2 Rb1 38. Nxe1 dxe1=Q+ 39. Rxe1 Rxb2+
40. Kf3 Rxh2 41. Kg3 Rhd2 42. Bb3 R2d3+ 43. R1e3 Rxe3+ 44. Rxe3 Kf8 45. Kf3 a5
46. Ke4 a4 47. Bd5 b4 48. Bc6 a3 49. Bd5 Rxd5 50. Kxd5 a2 51. Re1 b3 52. Ra1
Ke8 53. Kd6 Kd8 54. e6 b2 55. Rxa2 1-0

[Event "SR 4. liga A21 2012/2013"]
[Site "?"]
[Date "2012.11.11"]
[Round "3.1"]
[White "Lanik, Miroslav"]
[Black "Slaby, Jozef"]
[Result "1/2-1/2"]
[WhiteElo "1945"]
[BlackElo "1890"]
[PlyCount "64"]
[EventDate "2012.??.??"]

1. e4 c6 2. d4 d5 3. e5 Bf5 4. Nf3 e6 5. Be2 h6 6. O-O Nd7 7. Be3 Rc8 8. c4
dxc4 9. Bxc4 Nb6 10. Bb3 Ne7 11. Nc3 Ned5 12. Rc1 Be7 13. Qd2 Bb4 14. Qe2 Nxc3
15. bxc3 Ba3 16. Rcd1 Nd5 17. Qd2 Qa5 18. c4 Bb4 19. Qb2 Nxe3 20. fxe3 O-O 21.
Bc2 Bxc2 22. Qxc2 Qa3 23. Rd3 Qa6 24. Rb1 Be7 25. Nd2 b6 26. Ne4 Rfd8 27. Qb3
Rc7 28. Rbd1 Qb7 29. Rb1 c5 30. Nc3 Rcd7 31. Rbd1 Qb8 32. Ne2 Qb7 1/2-1/2

[Event "SR 4. liga A21 2012/2013"]
[Site "?"]
[Date "2012.11.11"]
[Round "3.1"]
[White "Pripko, Bystrik"]
[Black "Palka, Martin"]
[Result "0-1"]
[WhiteElo "1815"]
[BlackElo "1884"]
[PlyCount "116"]
[EventDate "2012.??.??"]

1. e4 c5 2. Bc4 Nc6 3. a3 g6 4. d3 Bg7 5. Nf3 d6 6. h3 e6 7. Nc3 Nge7 8. O-O
O-O 9. Rb1 a6 10. Bg5 h6 11. Bd2 b5 12. Ba2 Nd4 13. Nxd4 cxd4 14. Ne2 Bb7 15.
c3 Nc6 16. c4 Kh7 17. cxb5 axb5 18. Bb3 Qb6 19. Bf4 e5 20. Bd2 f5 21. f3 Ne7
22. Bb4 fxe4 23. fxe4 Rxf1+ 24. Kxf1 Rf8+ 25. Kg1 Rf6 26. Ng3 Nc6 27. Bd2 Nd8
28. Qe1 Ne6 29. Ba5 Qa6 30. Rd1 Nc5 31. Ba2 Qa8 32. Bb4 Bf8 33. Qe2 Be7 34. Qg4
Bc8 35. Qe2 Be6 36. Bxe6 Nxe6 37. Qc2 Nc5 38. Rc1 Qg8 39. Qe2 Qf7 40. Be1 Qb3
41. Rd1 Na4 42. Rd2 Rf7 43. Rc2 Nc5 44. Rd2 Bg5 45. Rd1 Be3+ 46. Kh1 Na4 47.
Rb1 Rc7 48. Nf1 Rc2 49. Qd1 Nc5 50. Nxe3 dxe3 51. Bc3 e2 52. Qg1 Qf7 53. Ra1
Nxd3 54. a4 Nf2+ 55. Kh2 Nxe4 56. axb5 Qf4+ 57. Kh1 Nf2+ 58. Qxf2 Qxf2 0-1

[Event "SR 4. liga A21 2012/2013"]
[Site "?"]
[Date "2012.11.11"]
[Round "3.1"]
[White "Tokos, Rastislav"]
[Black "Piestansky, Jan"]
[Result "1-0"]
[WhiteElo "1858"]
[BlackElo "1588"]
[PlyCount "117"]
[EventDate "2012.??.??"]

1. e4 e5 2. Nf3 d6 3. Bc4 h6 4. O-O Nf6 5. Re1 Be7 6. c3 O-O 7. d3 Nc6 8. Be3
Na5 9. Bb5 a6 10. Ba4 b5 11. Bc2 Bg4 12. Nbd2 Nh7 13. h3 Bh5 14. g4 Bg6 15. Nf1
Ng5 16. Nxg5 Bxg5 17. Qd2 Bh4 18. Kg2 Nc6 19. Ng3 Bxg3 20. Kxg3 Qe7 21. Re2 Nd8
22. f4 exf4+ 23. Bxf4 Ne6 24. Rf1 Nxf4 25. Qxf4 Qe5 26. h4 Qxf4+ 27. Kxf4 f6
28. Ref2 Rae8 29. Kg3 Bf7 30. a4 Be6 31. Ra1 c6 32. b4 Rc8 33. axb5 axb5 34.
Ra6 Rf7 35. Bb1 Rfc7 36. Kf4 d5 37. d4 dxe4 38. Bxe4 Bd7 39. Bg6 Be8 40. Bf5
Bd7 41. Be4 Kf7 42. g5 hxg5+ 43. hxg5 fxg5+ 44. Ke5+ Ke7 45. Bg6 Rf8 46. Rxf8
Kxf8 47. Kd6 Bc8 48. Ra8 Rd7+ 49. Kxc6 Rd8 50. Kc7 Ke7 51. Rxc8 Rd7+ 52. Kb6
Rd6+ 53. Rc6 g4 54. Rxd6 Kxd6 55. Be4 g3 56. Kxb5 g5 57. c4 g4 58. c5+ Ke6 59.
c6 1-0

[Event "SR 4. liga A21 2012/2013"]
[Site "?"]
[Date "2012.11.11"]
[Round "3.1"]
[White "Vagovic, Milan"]
[Black "Kubik, Peter"]
[Result "1/2-1/2"]
[WhiteElo "1725"]
[BlackElo "1720"]
[PlyCount "84"]
[EventDate "2012.??.??"]

1. d4 Nf6 2. c4 e5 3. dxe5 Ng4 4. Nf3 Bc5 5. e3 Nc6 6. a3 a5 7. Bd2 Ngxe5 8.
Nc3 O-O 9. Be2 d6 10. O-O Re8 11. Nd5 Be6 12. b4 axb4 13. axb4 Rxa1 14. Qxa1
Bxd5 15. cxd5 Nxb4 16. Bxb4 Nxf3+ 17. Bxf3 Bxb4 18. Qb2 Bc5 19. Qxb7 Qe7 20.
Rb1 f5 21. g3 g5 22. h3 f4 23. exf4 gxf4 24. g4 Bxf2+ 25. Kxf2 Qh4+ 26. Kf1
Qxh3+ 27. Bg2 Qd3+ 28. Kg1 f3 29. Bf1 Qd4+ 30. Kh1 Qxg4 31. Qb2 Re5 32. Qb8+
Kf7 33. Qxc7+ Re7 34. Qxd6 f2 35. Qh2 Qe4+ 36. Qg2 Qxb1 37. Qxf2+ Ke8 38. Kh2
Qe4 39. Bb5+ Kd8 40. Qb6+ Kc8 41. Qa6+ Kb8 42. Qd6+ Ka7 1/2-1/2

[Event "SR 4. liga A21 2012/2013"]
[Site "?"]
[Date "2012.11.11"]
[Round "3.2"]
[White "Buran, Andrej ml"]
[Black "Gavlas, Jakub"]
[Result "1-0"]
[WhiteElo "1152"]
[BlackElo "1443"]
[PlyCount "51"]
[EventDate "2012.??.??"]

1. e4 a6 2. d4 b5 3. Nf3 Bb7 4. Bd3 e6 5. O-O c5 6. c3 d6 7. Bf4 Nd7 8. Nbd2
Qc7 9. Re1 cxd4 10. cxd4 e5 11. Bg3 g6 12. Rc1 Qb8 13. dxe5 dxe5 14. Nb3 Ngf6
15. a3 Bh6 16. Rc3 Bf4 17. Bxf4 exf4 18. Qd2 O-O 19. Nc5 Rc8 20. Nxd7 Nxd7 21.
Rxc8+ Bxc8 22. e5 g5 23. Nxg5 Nxe5 24. Qxf4 Nf3+ 25. Qxf3 Qxh2+ 26. Kxh2 1-0

[Event "SR 4. liga A21 2012/2013"]
[Site "?"]
[Date "2012.11.11"]
[Round "3.2"]
[White "Gasa, Patrik"]
[Black "Pericka, Tomas"]
[Result "1-0"]
[WhiteElo "1906"]
[BlackElo "2029"]
[PlyCount "61"]
[EventDate "2012.??.??"]

1. e4 a6 2. d4 b5 3. Be3 Bb7 4. Nd2 Nf6 5. Bd3 e6 6. f3 d6 7. a4 b4 8. Nb3 Nbd7
9. Na5 Qc8 10. Nxb7 Qxb7 11. Ne2 c5 12. O-O Be7 13. c3 Rc8 14. cxb4 c4 15. Bc2
Qxb4 16. Rb1 O-O 17. Bd2 Qb6 18. b4 d5 19. Kh1 Rfd8 20. e5 Ne8 21. f4 g6 22. g4
f5 23. gxf5 exf5 24. Rg1 Nc7 25. Bxf5 Ne6 26. Bxg6 Nxd4 27. Bxh7+ Kxh7 28. Nxd4
Rg8 29. Qh5+ Qh6 30. Qxh6+ Kxh6 31. Nf5+ 1-0

[Event "SR 4. liga A21 2012/2013"]
[Site "?"]
[Date "2012.11.11"]
[Round "3.2"]
[White "Pericka, Pavol"]
[Black "Ocko, Martin"]
[Result "0-1"]
[WhiteElo "1821"]
[BlackElo "1661"]
[PlyCount "56"]
[EventDate "2012.??.??"]

1. e4 c5 2. Bc4 e6 3. Qe2 Nc6 4. Nf3 a6 5. a4 Be7 6. d3 d6 7. Bd2 Nf6 8. O-O
O-O 9. Nc3 Nd4 10. Nxd4 cxd4 11. Nd1 Qc7 12. f4 e5 13. f5 Bd7 14. Rf3 b5 15.
Ba2 Qxc2 16. Rg3 Rfc8 17. Bb1 Qc7 18. Nf2 bxa4 19. Bh6 Bf8 20. Bg5 Be7 21. Bxf6
Bxf6 22. Ng4 Qc1+ 23. Qf1 Qxf1+ 24. Kxf1 Rc1+ 25. Ke2 Kf8 26. Nxf6 gxf6 27. Rh3
Rb8 28. Kd2 Rg1 0-1

[Event "SR 4. liga A21 2012/2013"]
[Site "?"]
[Date "2012.11.11"]
[Round "3.2"]
[White "Pipiska, Adam"]
[Black "Sadlon, Juraj"]
[Result "0-1"]
[WhiteElo "1674"]
[BlackElo "1804"]
[PlyCount "66"]
[EventDate "2012.??.??"]

1. e4 e5 2. Nf3 Nc6 3. Bc4 Nf6 4. Ng5 d5 5. exd5 Na5 6. Qe2 Nxc4 7. Qxc4 Qxd5
8. Qxd5 Nxd5 9. O-O Bf5 10. Re1 f6 11. Ne4 Bd6 12. d3 Kf7 13. Bd2 Rad8 14. Nbc3
Nb4 15. Rac1 a6 16. Nxd6+ cxd6 17. a3 Nc6 18. f4 Rhe8 19. Ne4 Bg6 20. fxe5 Bxe4
21. Rxe4 dxe5 22. Rh4 h6 23. Rf1 Rd4 24. Rh3 e4 25. Be3 Rd5 26. dxe4 Rxe4 27.
Bxh6 gxh6 28. Rxh6 Re6 29. Rh7+ Kg6 30. Rxb7 Rd2 31. Rb3 Ree2 32. Rg3+ Kf7 33.
Rf4 Ne5 0-1

[Event "SR 4. liga A21 2012/2013"]
[Site "?"]
[Date "2012.11.11"]
[Round "3.2"]
[White "Sadlon, Matus"]
[Black "Trojkova, Michaela"]
[Result "1-0"]
[WhiteElo "1596"]
[BlackElo "1199"]
[PlyCount "147"]
[EventDate "2012.??.??"]

1. e4 e5 2. Nf3 Nc6 3. Bb5 d6 4. c3 Nf6 5. d3 Bd7 6. h3 a6 7. Ba4 Be7 8. O-O
O-O 9. Be3 b5 10. Bc2 d5 11. Nbd2 Be6 12. d4 dxe4 13. Nxe4 exd4 14. Nxd4 Nxd4
15. Bxd4 Nxe4 16. Bxe4 Rc8 17. Qh5 f5 18. Bc2 c5 19. Be5 Bf7 20. Qxf5 Bg6 21.
Qe6+ Kh8 22. Bxg6 hxg6 23. Qxg6 Bf6 24. Bxf6 Rxf6 25. Qc2 Qb6 26. Rad1 Rg6 27.
Rd5 Qe6 28. Qf5 Qxf5 29. Rxf5 Rd6 30. Rb1 c4 31. Kf1 Re8 32. Rf3 Rd2 33. Re3
Rf8 34. Re2 Rd6 35. Rbe1 Kg8 36. Re8 Rxe8 37. Rxe8+ Kf7 38. Re1 Rd2 39. Rb1 Kf6
40. Ke1 Rc2 41. Rd1 Rxb2 42. Rd6+ Ke5 43. Rxa6 Rc2 44. Ra5 Rxc3 45. Rxb5+ Kd4
46. Rb2 Ra3 47. Ke2 c3 48. Rc2 Ke4 49. g3 Kd4 50. f3 g5 51. h4 gxh4 52. gxh4
Ke5 53. Kd3 Kf5 54. Rxc3 Rxa2 55. Ke3 Ra4 56. Rc5+ Kg6 57. f4 Ra3+ 58. Ke4 Ra4+
59. Kf3 Ra6 60. Kg4 Kh6 61. Rc8 Rg6+ 62. Kf5 Kh5 63. Rh8+ Rh6 64. Rxh6+ Kxh6
65. Kg4 Kg6 66. h5+ Kf6 67. f5 Kg7 68. Kg5 Kf7 69. h6 Kg8 70. Kg6 Kh8 71. f6
Kg8 72. f7+ Kf8 73. h7 Ke7 74. h8=Q 1-0

[Event "SR 4. liga A21 2012/2013"]
[Site "?"]
[Date "2012.11.11"]
[Round "3.3"]
[White "Danihel, Jozef"]
[Black "Bajcar, Pavol"]
[Result "0-1"]
[WhiteElo "1566"]
[BlackElo "1635"]
[PlyCount "68"]
[EventDate "2012.??.??"]

1. d4 e6 2. Nf3 d5 3. a3 c5 4. e3 Nf6 5. c4 Nc6 6. Nc3 dxc4 7. Bxc4 cxd4 8.
exd4 Bd6 9. O-O O-O 10. Bg5 Be7 11. Re1 a6 12. Ba2 Qc7 13. Qc2 Re8 14. Rad1 Nd8
15. Bb1 g6 16. Qd3 Nd5 17. Nxd5 exd5 18. Rc1 Nc6 19. Qe3 Be6 20. Bf4 Bd6 21.
Be5 Bg4 22. Qh6 Bxe5 23. Nxe5 Be6 24. h4 Qd6 25. Nxc6 bxc6 26. h5 Bd7 27. hxg6
fxg6 28. Re3 Rxe3 29. fxe3 Rf8 30. Rf1 Rxf1+ 31. Kxf1 Qg3 32. Qf4 Qxf4+ 33.
exf4 Kf7 34. Kf2 Bf5 0-1

[Event "SR 4. liga A21 2012/2013"]
[Site "?"]
[Date "2012.11.11"]
[Round "3.3"]
[White "Hudacek, Josef"]
[Black "Blatnicky, Miroslav"]
[Result "1-0"]
[WhiteElo "2067"]
[BlackElo "2117"]
[PlyCount "93"]
[EventDate "2012.??.??"]

1. e4 e6 2. d3 d5 3. Nd2 Nf6 4. g3 dxe4 5. dxe4 e5 6. Bg2 Bc5 7. Ngf3 Nc6 8.
O-O O-O 9. c3 Bg4 10. Qc2 Qd7 11. b4 Bd6 12. Nc4 Rad8 13. Bg5 Qe6 14. Ne3 Bxf3
15. Bxf3 h6 16. Bxf6 Qxf6 17. Bg2 Ne7 18. Rad1 c6 19. Rd2 Bc7 20. Rfd1 Rxd2 21.
Rxd2 Rd8 22. Rxd8+ Bxd8 23. Qd2 Ng6 24. Nf5 Bb6 25. Bf1 Ne7 26. Nd6 Bxf2+ 27.
Qxf2 Qxd6 28. Qxa7 b5 29. Qb6 Qf6 30. Qd8+ Kh7 31. c4 Qg5 32. Qd3 bxc4 33. Qxc4
Qe3+ 34. Kg2 f5 35. exf5 e4 36. Qe2 Qd4 37. b5 Nxf5 38. bxc6 Ne3+ 39. Kh1 Nd5
40. Qc4 Qe5 41. Qb5 Qa1 42. a4 Qe1 43. Qe2 Qb4 44. a5 Nc3 45. Qc4 Qxa5 46. c7
e3 47. Bd3+ 1-0

[Event "SR 4. liga A21 2012/2013"]
[Site "?"]
[Date "2012.11.11"]
[Round "3.3"]
[White "Lajda, Dusan"]
[Black "Vogl, Zdenek"]
[Result "1-0"]
[WhiteElo "1838"]
[BlackElo "1945"]
[PlyCount "83"]
[EventDate "2012.??.??"]

1. e4 e5 2. Nf3 Nc6 3. Bc4 Be7 4. d4 exd4 5. Nxd4 Nf6 6. Nxc6 dxc6 7. Qxd8+
Bxd8 8. O-O O-O 9. Nc3 Re8 10. f3 Be6 11. Bxe6 Rxe6 12. Ne2 Nd7 13. Be3 Bf6 14.
Rad1 Rd8 15. b3 Ree8 16. Rd2 Nb6 17. Rfd1 Rxd2 18. Rxd2 Rd8 19. Rxd8+ Bxd8 20.
Kf2 Be7 21. f4 f6 22. Bxb6 cxb6 23. g4 Bd6 24. h3 b5 25. Kf3 Kf7 26. Nd4 Bc5
27. Ne2 Bd6 28. Nc1 g6 29. Nd3 Ke6 30. f5+ Ke7 31. h4 g5 32. hxg5 fxg5 33. e5
Ba3 34. Ke4 a5 35. Ne1 b6 36. Nf3 h6 37. f6+ Kf7 38. Kf5 Bf8 39. e6+ Ke8 40. e7
Bxe7 41. fxe7 Kxe7 42. Kg6 1-0

[Event "SR 4. liga A21 2012/2013"]
[Site "?"]
[Date "2012.11.11"]
[Round "3.3"]
[White "Smrek, Peter"]
[Black "Bartos, Bohumil"]
[Result "1-0"]
[WhiteElo "1845"]
[BlackElo "1533"]
[PlyCount "47"]
[EventDate "2012.??.??"]

1. e4 c5 2. Nf3 Nc6 3. d4 cxd4 4. Nxd4 Nf6 5. Nc3 e5 6. Nxc6 bxc6 7. a3 Be7 8.
Be2 O-O 9. O-O d5 10. Bf3 Ba6 11. Re1 Bc5 12. exd5 Nxd5 13. Nxd5 cxd5 14. Bxd5
Qb6 15. Qf3 Rae8 16. b4 Bd4 17. c3 e4 18. Rxe4 Bf6 19. Be3 Qc7 20. Rc1 Rd8 21.
b5 Bc8 22. g3 Bh3 23. Qh5 Bf5 24. Qxf5 1-0

[Event "SR 4. liga A21 2012/2013"]
[Site "?"]
[Date "2012.11.11"]
[Round "3.3"]
[White "Vach, Jozef"]
[Black "Lanyi, Frantisek"]
[Result "1-0"]
[WhiteElo "1793"]
[BlackElo "1737"]
[PlyCount "101"]
[EventDate "2012.??.??"]

1. d4 d5 2. c4 e6 3. Nc3 Nf6 4. Bg5 Be7 5. e3 c6 6. Nf3 Ne4 7. Nxe4 dxe4 8.
Bxe7 Qxe7 9. Nd2 f5 10. c5 Nd7 11. Nc4 O-O 12. Nd6 Nf6 13. Qc2 Nd5 14. a3 Qg5
15. O-O-O Rb8 16. h4 Qd8 17. Nc4 b5 18. cxb6 axb6 19. Ne5 Bd7 20. Kb1 Qc7 21.
Bb5 Rfc8 22. Ba6 Rd8 23. Rc1 Qa7 24. Nxd7 Rxd7 25. Qxc6 Kf7 26. Bc4 b5 27. Bxd5
exd5 28. Rc5 b4 29. Rxd5 Rxd5 30. Qxd5+ Kf8 31. Qxf5+ Kg8 32. Qe6+ Kh8 33. Rc1
Qb7 34. Qb3 Qa6 35. Rc4 Ra8 36. Rxb4 h6 37. Qc4 Qf6 38. Qd5 Rf8 39. Qxe4 Qxf2
40. Rc4 Rb8 41. Rc2 Qe1+ 42. Ka2 Qd1 43. Rc3 Qd2 44. Qc2 Qe1 45. h5 Qf1 46. e4
Qf7+ 47. d5 Qxh5 48. Rc8+ Rxc8 49. Qxc8+ Kh7 50. Qf5+ Qg6 51. d6 1-0

[Event "SR 4. liga A21 2012/2013"]
[Site "?"]
[Date "2012.11.11"]
[Round "3.4"]
[White "Bjel, Lubos"]
[Black "Berger, Patrik"]
[Result "0-1"]
[WhiteElo "1668"]
[BlackElo "1930"]
[PlyCount "100"]
[EventDate "2012.??.??"]

1. e4 d6 2. d4 Nf6 3. Nc3 g6 4. Bg5 Bg7 5. Bxf6 Bxf6 6. Nf3 Bg4 7. Be2 Nd7 8.
h3 Bxf3 9. Bxf3 c6 10. O-O Qb6 11. Ne2 O-O 12. b3 c5 13. c3 Rac8 14. Rc1 Qa5
15. dxc5 Qxc5 16. Qd5 Ne5 17. c4 Qa3 18. Rc2 b6 19. Nc3 Nxf3+ 20. gxf3 Bxc3 21.
Rxc3 Qxa2 22. f4 Rc5 23. Qb7 Qd2 24. Rf3 e5 25. f5 Qd4 26. Kh2 Ra5 27. Rg1 Ra1
28. Rg2 Qd1 29. Kg3 Ra3 30. Qd5 Qxd5 31. exd5 gxf5 32. Kh4+ Kh8 33. Rg5 f4 34.
Rf5 f6 35. Kh5 Kg7 36. Rd3 Rg8 37. h4 Kf7 38. Kh6 Rg7 39. h5 a5 40. f3 a4 41.
c5 bxc5 42. Rc3 axb3 43. Rc1 b2 44. Rb1 Rb3 45. Rxe5 dxe5 46. d6 Rg8 47. Kxh7
Rd8 48. h6 Rxd6 49. Kh8 Rb8+ 50. Kh7 Rdd8 0-1

[Event "SR 4. liga A21 2012/2013"]
[Site "?"]
[Date "2012.11.11"]
[Round "3.4"]
[White "Harasta, Juraj"]
[Black "Tomasovic, Martin"]
[Result "1-0"]
[WhiteElo "1698"]
[BlackElo "1479"]
[PlyCount "101"]
[EventDate "2012.??.??"]

1. e4 e5 2. f4 exf4 3. Nf3 Bc5 4. d4 Bb6 5. Bc4 h6 6. Bxf4 d6 7. O-O Bg4 8. c3
Nc6 9. Qe1 Qe7 10. Qg3 Bxf3 11. Qxg7 Qf6 12. Qxf6 Nxf6 13. Rxf3 Nxe4 14. Re3 f5
15. Nd2 O-O-O 16. Nxe4 fxe4 17. Rxe4 d5 18. Re6 dxc4 19. Bxh6 Nxd4 20. cxd4
Bxd4+ 21. Be3 Bxb2 22. Rf1 Rhe8 23. Rxe8 Rxe8 24. Bc1 c3 25. h4 b6 26. Kh2 Rg8
27. Kh3 a5 28. Bxb2 cxb2 29. Rb1 b5 30. Rxb2 b4 31. a3 bxa3 32. Ra2 Kb7 33. g4
Kb6 34. h5 Kb5 35. Rxa3 Kb4 36. Ra1 a4 37. Rb1+ Kc5 38. Rc1+ Kd6 39. Ra1 Ra8
40. Kh4 c5 41. h6 Ke6 42. Kh5 Kf7 43. g5 c4 44. Ra3 Ra5 45. Rf3+ Kg8 46. Kg6
Ra6+ 47. Rf6 Ra7 48. Rc6 Ra8 49. h7+ Kh8 50. Kh6 a3 51. g6 1-0

[Event "SR 4. liga A21 2012/2013"]
[Site "?"]
[Date "2012.11.11"]
[Round "3.4"]
[White "Podjavorinsky, Michal"]
[Black "Jarabek, Milan"]
[Result "0-1"]
[WhiteElo "1681"]
[BlackElo "1663"]
[PlyCount "128"]
[EventDate "2012.??.??"]

1. d4 Nf6 2. Nc3 d5 3. Bf4 Bf5 4. e3 Nbd7 5. Nb5 Rc8 6. Nxa7 Ra8 7. Nb5 Rc8 8.
c4 c5 9. b3 Ne4 10. Nf3 Qa5+ 11. Nd2 g5 12. Bg3 Bg7 13. f3 Nxg3 14. hxg3 O-O
15. cxd5 cxd4 16. Nxd4 Bxd4 17. exd4 Rc2 18. Bc4 Qc3 19. Rf1 Nb6 20. Rf2 Nxc4
21. bxc4 Bd3 22. a4 Bxc4 23. Ra3 Qxa3 24. Qxc2 Qe3+ 25. Kd1 Qxf2 26. Qxc4 Qxg3
27. Qe2 Qd6 28. Qb5 Rd8 29. Qxb7 Qxd5 30. Qxe7 h6 31. Qc5 Qxd4 32. Qxd4 Rxd4
33. Ke2 Rxa4 34. Ne4 f5 35. Ng3 Ra5 36. Nh5 Kf7 37. Ng3 Kg6 38. Kf2 h5 39. Kg1
h4 40. Ne2 Kf6 41. f4 g4 42. Nd4 Ra4 43. Ne2 g3 44. Kh1 Ra1+ 45. Ng1 Ra3 46.
Ne2 Re3 47. Ng1 Ke6 48. Nh3 Kd5 49. Ng1 Ke4 50. Nh3 Ra3 51. Ng1 Kxf4 52. Nh3+
Ke3 53. Ng1 Kf2 54. Nh3+ Kf1 55. Nf4 Ra4 56. Nh3 Ke2 57. Ng1+ Ke3 58. Nf3 Ra1+
59. Ng1 Rxg1+ 60. Kxg1 Ke2 61. Kh1 f4 62. Kg1 f3 63. Kh1 Kf2 64. gxf3 Kxf3 0-1

[Event "SR 4. liga A21 2012/2013"]
[Site "?"]
[Date "2012.11.11"]
[Round "3.4"]
[White "Varga, Adam"]
[Black "Zlamal, Marek"]
[Result "0-1"]
[WhiteElo "1169"]
[BlackElo "1551"]
[PlyCount "122"]
[EventDate "2012.??.??"]

1. e4 c5 2. Nf3 Nc6 3. Nc3 e5 4. Bb5 d6 5. d3 Bg4 6. h3 Bh5 7. O-O h6 8. Be3
Nf6 9. Nd5 Be7 10. Bxc6+ bxc6 11. Nxe7 Qxe7 12. c4 O-O 13. b3 Nd7 14. g4 Bg6
15. Kh2 Qe6 16. Ng1 a5 17. f3 h5 18. Qe2 Ra7 19. a4 Rb8 20. Rab1 hxg4 21. fxg4
f6 22. Rb2 Kf7 23. Bd2 Ke7 24. Bc3 Rh8 25. Rf3 Qxg4 26. Rg3 Qxe2+ 27. Nxe2 Kf7
28. Rb1 Bh5 29. Rg2 Bxe2 30. Rxe2 Nf8 31. Bd2 Ne6 32. Be3 Rd8 33. Rd2 d5 34.
Rdd1 Rad7 35. Re1 dxe4 36. dxe4 Rd3 37. Kg2 Rb8 38. Kf2 Rbxb3 39. Rxb3 Rxb3 40.
Bd2 Rxh3 41. Re3 Rh2+ 42. Ke1 Nd4 43. Kd1 Rh1+ 44. Re1 Rh2 45. Bxa5 Ra2 46. Bb6
Rxa4 47. Bxc5 Rxc4 48. Bxd4 exd4 49. Kd2 c5 50. Rf1 Ke6 51. Rf5 g6 52. Rf2 Ke5
53. Rf1 Rc3 54. Rg1 g5 55. Rf1 Re3 56. Rc1 Kxe4 57. Rxc5 f5 58. Rc1 g4 59. Rf1
f4 60. Rg1 g3 61. Rf1 f3 0-1